Statistics for All F1 Hungarian Grand Prix winners by year

Click here to take the quiz!

General Stats

  • This quiz has been taken 91 times
    (32 since last reset)
  • The average score is 23 of 32

Answer Stats

Year Winner % Correct
2017Sebastian Vettel
89%
2016Lewis Hamilton
89%
2001Michael Schumacher
85%
2013Lewis Hamilton
85%
2015Sebastian Vettel
81%
2012Lewis Hamilton
81%
2007Lewis Hamilton
81%
2004Michael Schumacher
81%
1988Ayrton Senna
78%
2014Daniel Ricciardo
78%
2010Mark Webber
78%
2009Lewis Hamilton
78%
2003Fernando Alonso
78%
2011Jenson Button
74%
2006Jenson Button
70%
1986Nelson Piquet
70%
2000Mika Häkkinen
70%
1998Michael Schumacher
70%
1994Michael Schumacher
70%
1992Ayrton Senna
70%
1991Ayrton Senna
70%
1989Nigel Mansell
70%
2002Rubens Barrichello
70%
1999Mika Häkkinen
67%
2005Kimi Räikkönen
67%
2008Heikki Kovalainen
67%
1987Nelson Piquet
63%
1996Jacques Villeneuve
63%
1997Jacques Villeneuve
59%
1995Damon Hill
59%
1993Damon Hill
52%
1990Thierry Boutsen
44%

Score Distribution

Percentile by Number Answered

Percent of People with Each Score

Your Score History

You have not taken this quiz since the last reset